Coherent diffraction radiation as a source of radiation in far-infrared and terahertz range; JETP Letters; Vol. 98, iss. 3
| Parent link: | JETP Letters.— , 1996- Vol. 98, iss. 3.— 2014.— [P. 121-123] |
|---|---|
| Údar corparáideach: | |
| Rannpháirtithe: | , , , , |
| Achoimre: | Title screen The results of measurements of the coherent diffraction radiation yield generated by femtosecond electron beam are presented. It is shown that the simulated and experimental data agreed quite well. The coherent diffraction radiation can be considered as a real candidate to develop a source of radiation in far-infrared and terahertz range. Режим доступа: по договору с организацией-держателем ресурса |
| Teanga: | Béarla |
| Foilsithe / Cruthaithe: |
2014
|
| Ábhair: | |
| Rochtain ar líne: | http://dx.doi.org/10.1134/S002136401403014X |
| Formáid: | Leictreonach Caibidil leabhair |
| KOHA link: | https://koha.lib.tpu.ru/cgi-bin/koha/opac-detail.pl?biblionumber=646284 |
MARC
| LEADER | 00000nla0a2200000 4500 | ||
|---|---|---|---|
| 001 | 646284 | ||
| 005 | 20250402171050.0 | ||
| 035 | |a (RuTPU)RU\TPU\network\11420 | ||
| 035 | |a RU\TPU\network\5010 | ||
| 090 | |a 646284 | ||
| 100 | |a 20160219d2014 k||y0rusy50 ba | ||
| 101 | 0 | |a eng | |
| 102 | |a US | ||
| 135 | |a drcn ---uucaa | ||
| 181 | 0 | |a i | |
| 182 | 0 | |a b | |
| 200 | 1 | |a Coherent diffraction radiation as a source of radiation in far-infrared and terahertz range |f D. A. Shkitov [et al.] | |
| 203 | |a Text |c electronic | ||
| 300 | |a Title screen | ||
| 320 | |a [References: p. 123 (9 tit.)] | ||
| 330 | |a The results of measurements of the coherent diffraction radiation yield generated by femtosecond electron beam are presented. It is shown that the simulated and experimental data agreed quite well. The coherent diffraction radiation can be considered as a real candidate to develop a source of radiation in far-infrared and terahertz range. | ||
| 333 | |a Режим доступа: по договору с организацией-держателем ресурса | ||
| 461 | |t JETP Letters |d 1996- | ||
| 463 | |t Vol. 98, iss. 3 |v [P. 121-123] |d 2014 | ||
| 610 | 1 | |a электронный ресурс | |
| 610 | 1 | |a труды учёных ТПУ | |
| 610 | 1 | |a diffraction radiation | |
| 610 | 1 | |a terahertz range | |
| 610 | 1 | |a radiation | |
| 610 | 1 | |a electron beams | |
| 701 | 1 | |a Shkitov |b D. A. |c physicist |c Junior Researcher, Tomsk Polytechnic University, Candidate of Physical and Mathematical Sciences |f 1985- |g Dmitriy Andreevich |3 (RuTPU)RU\TPU\pers\31538 |9 15699 | |
| 701 | 1 | |a Potylitsyn |b A. P. |c Russian physicist |c Professor of the TPU |f 1945- |g Alexander Petrovich |3 (RuTPU)RU\TPU\pers\26306 |9 12068 | |
| 701 | 1 | |a Naumenko |b G. A. |c physicist |c senior research fellow of Tomsk Polytechnic University |f 1947- |g Gennadiy Andreevich |3 (RuTPU)RU\TPU\pers\31524 | |
| 701 | 1 | |a Deng |b H. X. | |
| 701 | 1 | |a Zhang |b J. B. | |
| 712 | 0 | 2 | |a Национальный исследовательский Томский политехнический университет (ТПУ) |b Физико-технический институт (ФТИ) |b Кафедра прикладной физики (№ 12) (ПФ) |b Инновационная международная научно-образовательная лаборатория "Фотон" (ИМНОЛ "Фотон") |3 (RuTPU)RU\TPU\col\20731 |
| 801 | 2 | |a RU |b 63413507 |c 20161215 |g RCR | |
| 856 | 4 | |u http://dx.doi.org/10.1134/S002136401403014X | |
| 942 | |c CF | ||